[Event "Novokuznetsk op"]
[Site "Novokuznetsk"]
[Date "2008.11.30"]
[Round "5"]
[White "Chernyh, Pavel"]
[Black "Alalykin, Arkadiy"]
[Result "1-0"]
[WhiteElo "1956"]
[BlackElo "2056"]
[PlyCount "75"]
[EventDate "2008.11.22"]
[EventType "swiss"]
[EventRounds "9"]
[EventCountry "RUS"]
[SourceTitle "CBM 127 Extra"]
[Source "ChessBase"]
[SourceDate "2009.01.08"]
[SourceVersion "2"]
[SourceVersionDate "2009.01.28"]
[SourceQuality "1"]

1. e4 Nf6 2. e5 Nd5 3. c4 Nb6 4. d4 d6 5. f4 dxe5 6. fxe5 Nc6 7. Be3 Bf5 8. Nc3 Qd7 9. h3 e6 10. Nf3 Be7 11. Be2 0-0 12. 0-0 f6 13. Nh4 fxe5 14. Nxf5 Rxf5 15. Rxf5 exf5 16. d5 Nd8 17. c5 Nc8 18. Bc4 Kh8 19. Qh5 Bf6 20. Rf1 g6 21. Qf3 Nf7 22. g4 Ng5 23. Bxg5 Bxg5 24. gxf5 gxf5 25. Ne4 Qg7 26. Qxf5 Bf4+ 27. Kh1 Ne7 28. Qf6 Qxf6 29. Nxf6 Nf5 30. Re1 Ne3 31. Bb3 Rd8 32. Rg1 Rf8 33. Rg8+ Rxg8 34. Nxg8 Kg7 35. d6 cxd6 36. cxd6 Nf5 37. d7 Bg5 38. Kg2 1-0